000 01377cam a22001934a 4500
005 20250605164327.0
008 250528s ||||||||||||||||||||||||d
035 _a23104
020 _a9058230554
040 _aGR-AtMCL
_bgre
_dGR-AtMCL
_eAACR2
245 1 _aIntegrative Neuroscience
260 _bHarwood Academic Publishers,
_c2000
300 _a262
520 _aIn outlining how and why it is now possible to realistically model aspects of the brain's dynamic from such a wide range of intellectual endeavors, this book will prove itself useful to undergraduates, postgraduates and all those seeking a contemporary perspective and evaluation of the current status and future directions in the brain sciences. Acknowledgements, Integrative Neuroscience: The Big Picture, Overview of Chapters, Evolution of the Human Brain, The Mind Brain Problem, A Cellular Perspective of Neural Networks, The Brain's Chemistry, The Brain's Anatomy, Sensory Motor Models of the Brain, Computer Models of the Brain, Brain Dynamics: Modelling the Whole Brain in Action, Brain Dynamics: Brain Chaos and Intentionality, Models of the Brain in Neurology, Models of the Brain in Psychology, Models of the Brain in Psychiatry, Mind Brain in Psychotherapy, Human Brain Imagine Technologies, Index.
700 1 _aGordon Evian
_98658
942 _cBK
999 _c8134
_d8134